Řízení portfolia obligací
Metóda riadenia portfólií obligácií. Časová štruktúra úrokových sadzieb. Teória očakávania a preferencia likvidity. Výpočet aktuálnej tržnej hodnoty obligácie. Hodnoty spotovej výnosovej krivky.
Na minha lista:
| Autor principal: | |
|---|---|
| Formato: | Capítulo de Livro |
| Idioma: | tcheco |
| Assuntos: | |
| Tags: |
Sem tags, seja o primeiro a adicionar uma tag!
|
MARC
| LEADER | 00000naa a2200000 4500 | ||
|---|---|---|---|
| 001 | r026019 | ||
| 005 | 20230920093648.6 | ||
| 041 | 0 | |a cze | |
| 044 | |a CZ | ||
| 245 | 1 | 0 | |a Řízení portfolia obligací |c V. Janoušek |
| 520 | |a Metóda riadenia portfólií obligácií. Časová štruktúra úrokových sadzieb. Teória očakávania a preferencia likvidity. Výpočet aktuálnej tržnej hodnoty obligácie. Hodnoty spotovej výnosovej krivky. | ||
| 610 | 2 | 0 | |a obligácie |
| 610 | 2 | 0 | |a portfólio |
| 610 | 2 | 0 | |a manažment finančný |
| 100 | 1 | |a Janoušek, V. | |